[Event "26th WSCC 2016 Open 65+"]
[Site "Marianske Lazne, Czech Republic - Hotel Cristal and Continental"]
[Date "2016.11.26"]
[Round "7.38"]
[White "Roeder, Gerd"]
[Black "Dahlhaus, Friedhelm"]
[Result "1/2-1/2"]
[WhiteElo "2207"]
[BlackElo "2052"]
[PlyCount "46"]
[EventDate "2016.11.19"]

1. e4 e5 2. Nc3 Nf6 3. f4 d5 4. fxe5 Nxe4 5. Nf3 Be7 6. Qe2 f5 7. d3 Nc5 8. Be3
Nc6 9. Qf2 Ne6 10. d4 O-O 11. a3 a6 12. Bd3 Kh8 13. O-O g5 14. g3 f4 15. gxf4
Nxf4 16. Bxf4 gxf4 17. Kh1 Bg4 18. Ne2 Qe8 19. c3 Qh5 20. Neg1 Rf7 21. Rad1 Nd8
22. Rd2 Ne6 23. b4 c6 1/2-1/2

[Event "26th WSCC 2016 Open 65+"]
[Site "Marianske Lazne, Czech Republic - Hotel Cristal and Continental"]
[Date "2016.11.26"]
[Round "7.39"]
[White "Gamboa Gonzalez, Anibal"]
[Black "Gergel, Vladimir P"]
[Result "0-1"]
[WhiteElo "2040"]
[BlackElo "2201"]
[PlyCount "122"]
[EventDate "2016.11.19"]

1. b3 d5 2. Bb2 Nf6 3. e3 Bf5 4. Nf3 Nbd7 5. Nh4 Bg6 6. f4 e6 7. Be2 Ne4 8. Nf3
c6 9. d3 Qa5+ 10. c3 Nd6 11. g4 Be7 12. h4 h5 13. Ng5 Nf6 14. gxh5 Bxh5 15. Nd2
Nf5 16. Nf1 Bxe2 17. Qxe2 Rxh4 18. Rxh4 Nxh4 19. Qh2 Ng6 20. Qg2 Nf8 21. Nd2
N6d7 22. Qg4 Bf6 23. d4 g6 24. e4 Be7 25. e5 c5 26. Ngf3 cxd4 27. Nxd4 Nc5 28.
Qe2 a6 29. b4 Qb6 30. a4 Ncd7 31. a5 Qc7 32. Kf1 Qd8 33. N2b3 Nb8 34. Kg2 Nc6
35. Rd1 Nd7 36. Qg4 Nf8 37. Rh1 Qc7 38. Rh8 Nxd4 39. Nxd4 Qc4 40. Kf2 O-O-O 41.
Qe2 Qc7 42. Qd3 g5 43. Bc1 gxf4 44. Bxf4 Ng6 45. Rxd8+ Qxd8 46. Nxe6 Qd7 47.
Nd4 Nxf4 48. Qh7 Nh3+ 49. Kg3 Ng5 50. Qh8+ Kc7 51. Qh1 Ne4+ 52. Kf3 Nxc3 53. e6
fxe6 54. Qh6 e5 55. Ne6+ Kb8 56. Qh8+ Ka7 57. Qxe5 Nb5 58. Nf4 d4 59. Nd5 Qh3+
60. Ke2 Bd6 61. Qg5 Nc3+ 0-1

[Event "26th WSCC 2016 Open 65+"]
[Site "Marianske Lazne, Czech Republic - Hotel Cristal and Continental"]
[Date "2016.11.26"]
[Round "7.40"]
[White "Sprotte, Norbert"]
[Black "Leitner, Walter"]
[Result "1-0"]
[WhiteElo "2196"]
[BlackElo "2039"]
[PlyCount "73"]
[EventDate "2016.11.19"]

1. d4 Nf6 2. c4 e6 3. Nf3 b6 4. e3 Bb7 5. Bd3 Bb4+ 6. Bd2 a5 7. O-O O-O 8. Nc3
d6 9. Qe2 Bxc3 10. Bxc3 Ne4 11. Be1 Nd7 12. Nd2 Nxd2 13. Qxd2 f5 14. f3 Qf6 15.
Qc2 Qg5 16. Bd2 Qf6 17. Bc3 Qh6 18. Rae1 Rae8 19. a3 g5 20. b4 axb4 21. axb4
Nf6 22. e4 fxe4 23. fxe4 Ng4 24. h3 Rxf1+ 25. Bxf1 Nf6 26. d5 e5 27. g4 Rf8 28.
Bg2 Qh4 29. Rf1 Kg7 30. Be1 Qh6 31. c5 bxc5 32. bxc5 Ne8 33. Rxf8 Kxf8 34. Qa4
Qg7 35. c6 Bc8 36. Qa8 Bxg4 37. hxg4 1-0

[Event "26th WSCC 2016 Open 65+"]
[Site "Marianske Lazne, Czech Republic - Hotel Cristal and Continental"]
[Date "2016.11.26"]
[Round "7.41"]
[White "Altshul, Raffael"]
[Black "Friedman, Josef"]
[Result "1/2-1/2"]
[WhiteElo "2037"]
[BlackElo "2187"]
[PlyCount "57"]
[EventDate "2016.11.19"]

1. Nf3 Nf6 2. g3 g6 3. b3 Bg7 4. Bb2 O-O 5. Bg2 d6 6. d4 Nbd7 7. O-O e5 8. dxe5
Ng4 9. h3 Ngxe5 10. Nxe5 Nxe5 11. Nc3 Re8 12. Qd2 Nc6 13. e4 f5 14. exf5 Bxf5
15. Rae1 Rxe1 16. Rxe1 Qf8 17. Nd1 Bxb2 18. Nxb2 Qf6 19. c3 Bd7 20. Nc4 Re8 21.
Rxe8+ Bxe8 22. Ne3 Bf7 23. Ng4 Qe7 24. Nh6+ Kg7 25. Nxf7 Kxf7 26. Bxc6 bxc6 27.
Qd4 a5 28. Kg2 Qd7 29. c4 1/2-1/2

[Event "26th WSCC 2016 Open 65+"]
[Site "Marianske Lazne, Czech Republic - Hotel Cristal and Continental"]
[Date "2016.11.26"]
[Round "7.42"]
[White "Batakovs, Olegs"]
[Black "Raikin, Leonid"]
[Result "1-0"]
[WhiteElo "2034"]
[BlackElo "2180"]
[PlyCount "83"]
[EventDate "2016.11.19"]

1. e4 c6 2. d4 d5 3. exd5 cxd5 4. c4 Nf6 5. Nc3 e6 6. Nf3 Bb4 7. cxd5 exd5 8.
Bd3 O-O 9. O-O Nc6 10. Bg5 Be7 11. h3 Be6 12. Rc1 h6 13. Bh4 Nb4 14. Bb1 Ne4
15. Bxe7 Qxe7 16. Ne5 Rfd8 17. a3 Nxc3 18. bxc3 Nc6 19. Qd3 Qf6 20. Qh7+ Kf8
21. Rce1 g5 22. Re3 Nxe5 23. Rxe5 Rac8 24. Re3 Qg7 25. Qd3 Rc6 26. f4 Rdc8 27.
Qd2 f6 28. fxg5 hxg5 29. Ref3 Bf7 30. Qf2 Kg8 31. Ba2 Ra6 32. Rf5 Rcc6 33. Bxd5
Bxd5 34. Rxd5 Rc8 35. Qf5 Rf8 36. Rd7 Rf7 37. Qd5 Qg6 38. Re1 Kg7 39. Ree7 Rxe7
40. Rxe7+ Kh6 41. Qd8 Qb1+ 42. Kh2 1-0

[Event "26th WSCC 2016 Open 65+"]
[Site "Marianske Lazne, Czech Republic - Hotel Cristal and Continental"]
[Date "2016.11.26"]
[Round "7.43"]
[White "Golcman, Evgeny"]
[Black "Toefferl, Heimo"]
[Result "1/2-1/2"]
[WhiteElo "2164"]
[BlackElo "2033"]
[PlyCount "38"]
[EventDate "2016.11.19"]

1. c4 e6 2. Nc3 d5 3. d4 f5 4. g3 c6 5. Qb3 Bd6 6. Bg2 Ne7 7. Nf3 Nd7 8. O-O
O-O 9. Bf4 Bxf4 10. gxf4 Nf6 11. Rad1 Kh8 12. Ne5 Qe8 13. Rd3 Nh5 14. Rf3 b6
15. Qa3 Bb7 16. e3 Ng6 17. Rh3 Nxe5 18. fxe5 g5 19. f3 dxc4 1/2-1/2

[Event "26th WSCC 2016 Open 65+"]
[Site "Marianske Lazne, Czech Republic - Hotel Cristal and Continental"]
[Date "2016.11.26"]
[Round "7.44"]
[White "Gromark, Per-Olof"]
[Black "Tchetchelnitski, Boris"]
[Result "0-1"]
[WhiteElo "2015"]
[BlackElo "2144"]
[PlyCount "66"]
[EventDate "2016.11.19"]

1. Nf3 f5 2. g3 Nf6 3. Bg2 e6 4. c4 Be7 5. d4 O-O 6. O-O d6 7. Nc3 Qe8 8. b3 a5
9. Qc2 Nc6 10. Bg5 h6 11. Bxf6 Bxf6 12. Rad1 Bd8 13. e4 e5 14. dxe5 dxe5 15.
exf5 Bxf5 16. Qd2 Bg4 17. Qd5+ Kh8 18. h3 Bh5 19. g4 Bg6 20. Rfe1 Bf6 21. Nb5
Rd8 22. Qc5 Rxd1 23. Rxd1 Rf7 24. Re1 Re7 25. Nd2 Nb4 26. Be4 Bxe4 27. Rxe4 Qd8
28. Nf1 Nd3 29. Qe3 Bh4 30. Ng3 Rf7 31. f4 Rxf4 32. Rxe5 Nxe5 33. Qxe5 Bxg3 0-1

[Event "26th WSCC 2016 Open 65+"]
[Site "Marianske Lazne, Czech Republic - Hotel Cristal and Continental"]
[Date "2016.11.26"]
[Round "7.45"]
[White "Bratus, Petr P"]
[Black "Hastik, Svatopluk"]
[Result "1-0"]
[WhiteElo "2140"]
[BlackElo "2023"]
[PlyCount "43"]
[EventDate "2016.11.19"]

1. d4 Nf6 2. Nf3 g6 3. c4 Bg7 4. Nc3 O-O 5. g3 d6 6. Bg2 c6 7. O-O Qa5 8. h3
Nbd7 9. e4 e5 10. Be3 Nb6 11. Nd2 exd4 12. Bxd4 Be6 13. Nb3 Qb4 14. e5 dxe5 15.
Bc5 Qxc4 16. Bxf8 Bxf8 17. Re1 Nfd7 18. Re4 Qa6 19. Bf1 Nc4 20. Rxc4 Qb6 21.
Re4 f5 22. Bc4 1-0

[Event "26th WSCC 2016 Open 65+"]
[Site "Marianske Lazne, Czech Republic - Hotel Cristal and Continental"]
[Date "2016.11.26"]
[Round "7.46"]
[White "Hund, Gerhard"]
[Black "Kjolberg, Lars"]
[Result "0-1"]
[WhiteElo "2005"]
[BlackElo "2140"]
[PlyCount "70"]
[EventDate "2016.11.19"]

1. Nf3 Nf6 2. d4 g6 3. g3 Bg7 4. Bg2 O-O 5. O-O d6 6. c3 c5 7. dxc5 dxc5 8.
Qxd8 Rxd8 9. Be3 Nbd7 10. Rd1 Re8 11. Nbd2 Ng4 12. Nf1 Rb8 13. h3 Nxe3 14. Nxe3
Nb6 15. Rac1 Be6 16. b3 h6 17. c4 Rbc8 18. Ne1 Rc7 19. Nd5 Nxd5 20. cxd5 Bd7
21. e3 b5 22. Bf1 Rec8 23. Kg2 c4 24. e4 f5 25. f3 Kf7 26. d6 exd6 27. Rxd6
fxe4 28. fxe4 Bc6 29. bxc4 Bxe4+ 30. Kf2 bxc4 31. Ke3 Bb7 32. Nc2 Be5 33. Rdd1
Bxg3 34. Na3 Re7+ 35. Kd4 Be5+ 0-1

[Event "26th WSCC 2016 Open 65+"]
[Site "Marianske Lazne, Czech Republic - Hotel Cristal and Continental"]
[Date "2016.11.26"]
[Round "7.47"]
[White "Agzamov, Valeriy"]
[Black "Vladimirsky, Mark"]
[Result "1/2-1/2"]
[WhiteElo "2137"]
[BlackElo "2023"]
[PlyCount "50"]
[EventDate "2016.11.19"]

1. d4 Nf6 2. c4 e6 3. Nf3 Bb4+ 4. Bd2 Bxd2+ 5. Qxd2 d6 6. Nc3 Qe7 7. g3 c6 8.
Bg2 O-O 9. O-O Nbd7 10. e4 Rd8 11. Rad1 Nf8 12. Qe2 Ne8 13. e5 d5 14. h4 b6 15.
cxd5 cxd5 16. Rd2 a5 17. Rc1 Ba6 18. Qd1 Rdc8 19. a3 Bc4 20. Bf1 Qd7 21. Bxc4
Rxc4 22. b3 Rc6 23. Na4 Rac8 24. Rdc2 Qb7 25. Ne1 Nd7 1/2-1/2

[Event "26th WSCC 2016 Open 65+"]
[Site "Marianske Lazne, Czech Republic - Hotel Cristal and Continental"]
[Date "2016.11.26"]
[Round "7.48"]
[White "Giulian, Philip M"]
[Black "Ladisic, Alex-Sacha"]
[Result "1/2-1/2"]
[WhiteElo "2133"]
[BlackElo "1970"]
[PlyCount "73"]
[EventDate "2016.11.19"]

1. d4 Nf6 2. Bf4 d6 3. Nf3 g6 4. e3 Bg7 5. c4 O-O 6. Nc3 Nfd7 7. h3 e5 8. Bh2
Nc6 9. Be2 Re8 10. O-O e4 11. Nd2 f5 12. Rb1 Nf6 13. b4 g5 14. c5 d5 15. b5 Ne7
16. b6 c6 17. f3 Ng6 18. fxe4 fxe4 19. Rf2 axb6 20. Rxb6 Nd7 21. Rb3 Rf8 22.
Rxf8+ Bxf8 23. Nf1 Nf6 24. Ng3 Nh4 25. Nh5 Nf5 26. Qd2 Bh6 27. Nxf6+ Qxf6 28.
Bg4 Qe7 29. Rb1 Be6 30. Rf1 Nh4 31. Qe2 Bg7 32. Nd1 Qd7 33. Nf2 Nf5 34. Bxf5
Bxf5 35. Ng4 Bxg4 36. hxg4 Rf8 37. Rxf8+ 1/2-1/2

[Event "26th WSCC 2016 Open 65+"]
[Site "Marianske Lazne, Czech Republic - Hotel Cristal and Continental"]
[Date "2016.11.26"]
[Round "7.50"]
[White "Wheeler, Robert"]
[Black "Behling, Robert"]
[Result "1/2-1/2"]
[WhiteElo "2007"]
[BlackElo "2118"]
[PlyCount "87"]
[EventDate "2016.11.19"]

1. Nf3 d5 2. d4 Nf6 3. c4 e6 4. g3 Be7 5. Bg2 O-O 6. Qc2 dxc4 7. Qxc4 a6 8. O-O
b5 9. Qc2 Bb7 10. Nbd2 Nbd7 11. e4 c5 12. e5 Nd5 13. dxc5 Nxc5 14. a3 Rc8 15.
Nb3 Nxb3 16. Qxb3 Qc7 17. Bd2 Qc2 18. Qa2 h6 19. Rfd1 Bc5 20. Rac1 Qf5 21. Qb1
Qxb1 22. Rxb1 Ne7 23. Rbc1 Bd5 24. Rc3 Bb6 25. Rxc8 Rxc8 26. Bc3 Kf8 27. Nd2
Bxg2 28. Kxg2 Nd5 29. Ne4 Rc4 30. Kf3 a5 31. Rd3 b4 32. axb4 axb4 33. Be1 Rc1
34. Bd2 Rc2 35. b3 Bc7 36. Nd6 Bxd6 37. exd6 Ke8 38. Rd4 Rb2 39. Rd3 Kd7 40.
Be3 f6 41. Bd2 Kc6 42. d7 Kxd7 43. Bxb4 Ke8 44. Ba3 1/2-1/2

[Event "26th WSCC 2016 Open 65+"]
[Site "Marianske Lazne, Czech Republic - Hotel Cristal and Continental"]
[Date "2016.11.26"]
[Round "7.51"]
[White "Kotva, Milan"]
[Black "Joukl, Zdenek"]
[Result "1/2-1/2"]
[WhiteElo "1999"]
[BlackElo "2108"]
[PlyCount "36"]
[EventDate "2016.11.19"]

1. e4 d5 2. exd5 Nf6 3. d4 Nxd5 4. Nf3 g6 5. Be2 Bg7 6. O-O O-O 7. c3 c6 8.
Nbd2 Qc7 9. Nc4 Nf4 10. Bxf4 Qxf4 11. Re1 Bg4 12. Nfe5 Bxe2 13. Rxe2 Qf5 14. a4
Nd7 15. Nf3 Rfe8 16. Qb3 Qd5 17. Nfd2 Rab8 18. Qc2 Kf8 1/2-1/2

[Event "26th WSCC 2016 Open 65+"]
[Site "Marianske Lazne, Czech Republic - Hotel Cristal and Continental"]
[Date "2016.11.26"]
[Round "7.53"]
[White "Kayaman, Metin"]
[Black "Pacl, Vaclav"]
[Result "1/2-1/2"]
[WhiteElo "1732"]
[BlackElo "2104"]
[PlyCount "82"]
[EventDate "2016.11.19"]

1. d4 d6 2. Nf3 Bg4 3. Nbd2 Nf6 4. h3 Bh5 5. c4 c6 6. e4 Nbd7 7. Bd3 e5 8. Qc2
Be7 9. b3 Bxf3 10. Nxf3 d5 11. O-O dxe4 12. Bxe4 exd4 13. Bg5 O-O 14. Bxf6 Nxf6
15. Rad1 Bc5 16. Ng5 Nxe4 17. Nxe4 Qe7 18. Rfe1 Rad8 19. h4 d3 20. Qb1 Bb6 21.
c5 Bxc5 22. Nxc5 Qxc5 23. Rxd3 h6 24. Red1 Rxd3 25. Qxd3 Re8 26. g3 g6 27. Qd2
Kg7 28. Qf4 Qe5 29. Qxe5+ Rxe5 30. Rd7 Rb5 31. Kf1 a5 32. Ke2 Kf6 33. Ke3 Ke6
34. Rc7 Rb4 35. f3 h5 36. Kd3 a4 37. bxa4 Rxa4 38. Rxb7 Rxa2 39. Rc7 Ra3+ 40.
Ke4 Rc3 41. g4 hxg4 1/2-1/2

[Event "26th WSCC 2016 Open 65+"]
[Site "Marianske Lazne, Czech Republic - Hotel Cristal and Continental"]
[Date "2016.11.26"]
[Round "7.55"]
[White "Just, Pavel"]
[Black "Haubt, Georg"]
[Result "1/2-1/2"]
[WhiteElo "1996"]
[BlackElo "2205"]
[PlyCount "181"]
[EventDate "2016.11.19"]

1. e4 d5 2. exd5 Qxd5 3. Nf3 Bg4 4. Be2 Nc6 5. Nc3 Qd6 6. O-O O-O-O 7. Nb5 Qd7
8. d3 e5 9. Nc3 Be7 10. Be3 f5 11. Ne1 Nf6 12. Bg5 Nd4 13. Bxg4 fxg4 14. Bxf6
gxf6 15. Ne2 Nf5 16. Nc3 h5 17. a3 Rdg8 18. Ne4 h4 19. Qd2 Nd4 20. f4 gxf3 21.
Nxf3 f5 22. Nc3 h3 23. g3 Bc5 24. Kh1 Qc6 25. Qd1 Rd8 26. a4 a6 27. Nb1 f4 28.
Nbd2 fxg3 29. hxg3 Nf5 30. Kh2 Ne3 31. Qe2 Nxf1+ 32. Rxf1 Rde8 33. b3 Qg6 34.
Ne4 Ba7 35. Nh4 Qb6 36. Kxh3 Ref8 37. Qg4+ Kb8 38. Rxf8+ Rxf8 39. Qg7 Qe6+ 40.
Kg2 Rg8 41. Qf6 Qg4 42. Nf3 Be3 43. Qh4 Qc8 44. Nxe5 Rh8 45. Qg4 Qe8 46. Nf3
Qc6 47. c3 Qd5 48. Qg7 Rd8 49. Ne5 Re8 50. Kf3 Ba7 51. d4 Qxb3 52. Qf7 Qd1+ 53.
Kf4 Qf1+ 54. Ke3 Qc1+ 55. Kd3 Qd1+ 56. Ke3 Rd8 57. Qc4 Qe1+ 58. Qe2 Qa1 59. Qc4
Qg1+ 60. Kf4 Rf8+ 61. Kg4 Qd1+ 62. Kg5 Rh8 63. Qf7 Qh1 64. Nd7+ Ka8 65. Ndf6
Bb6 66. g4 Qf3 67. Qd5 c6 68. Qf5 Qh1 69. Qe6 Bc7 70. Qf7 Qh2 71. Kf5 Qf4+ 72.
Ke6 Rd8 73. g5 c5 74. g6 cxd4 75. cxd4 Rxd4 76. Qf8+ Rd8 77. g7 Qf1 78. g8=Q
Qc4+ 79. Kf5 Qxg8 80. Qxg8 Rxg8 81. Nxg8 Ka7 82. Ne7 Kb6 83. Nd5+ Kc6 84. Nxc7
Kxc7 85. Ke5 Kb6 86. Kd4 Ka5 87. Nc5 b6 88. Nd7 b5 89. axb5 axb5 90. Kc3 Ka4
91. Kb2 1/2-1/2

[Event "26th WSCC 2016 Open 65+"]
[Site "Marianske Lazne, Czech Republic - Hotel Cristal and Continental"]
[Date "2016.11.26"]
[Round "7.56"]
[White "Titz, Heimo"]
[Black "Blaushtain, Boris"]
[Result "1-0"]
[WhiteElo "2189"]
[BlackElo "1991"]
[PlyCount "123"]
[EventDate "2016.11.19"]

1. c4 Nf6 2. Nc3 b6 3. d4 Bb7 4. Nf3 e6 5. a3 d5 6. Bg5 Be7 7. e3 Nbd7 8. Bd3
O-O 9. O-O h6 10. Bh4 dxc4 11. Bxc4 c5 12. Qe2 a6 13. dxc5 Nxc5 14. Rfd1 Qe8
15. Rac1 Nfe4 16. Nxe4 Nxe4 17. Bxe7 Qxe7 18. Ne5 Nf6 19. Rc2 b5 20. Bb3 Rac8
21. Rcd2 Rfd8 22. f3 Bd5 23. Bxd5 Rxd5 24. Nd3 a5 25. e4 Rd7 26. Qe3 Rcd8 27.
Kf1 b4 28. axb4 axb4 29. Nxb4 Rxd2 30. Rxd2 Rxd2 31. Qxd2 Qb7 32. Nd3 Qb3 33.
Ke2 Nd7 34. Qc3 Qb5 35. g3 f6 36. Qb4 Qc6 37. h4 Kf7 38. h5 Qc2+ 39. Qd2 Qc4
40. Ke3 Qb3 41. Qc3 Qb6+ 42. Qd4 Qc6 43. b4 Ke7 44. Qa7 Qb6+ 45. Qxb6 Nxb6 46.
Kd4 Kd6 47. f4 Kc6 48. Nc5 Kd6 49. e5+ Ke7 50. b5 fxe5+ 51. Kxe5 Nc4+ 52. Kd4
Nb6 53. Ne4 Nd7 54. g4 Kf7 55. Nc5 Nb6 56. Nd3 Na4 57. Ne5+ Ke7 58. Nc4 Kd7 59.
b6 Kc6 60. Ke5 Nc5 61. f5 Nd7+ 62. Kxe6 1-0

[Event "26th WSCC 2016 Open 65+"]
[Site "Marianske Lazne, Czech Republic - Hotel Cristal and Continental"]
[Date "2016.11.26"]
[Round "7.57"]
[White "De Haro, Martim Afonso Palma"]
[Black "Hanisch, Friedrich"]
[Result "1/2-1/2"]
[WhiteElo "1990"]
[BlackElo "2160"]
[PlyCount "51"]
[EventDate "2016.11.19"]

1. e4 e6 2. Nf3 d5 3. Nc3 dxe4 4. Nxe4 Nd7 5. d4 Ngf6 6. Bd3 Nxe4 7. Bxe4 Nf6
8. Bg5 Be7 9. Bxf6 Bxf6 10. Qd3 c6 11. O-O-O Qa5 12. Kb1 h6 13. h4 Bd7 14. Rhe1
O-O-O 15. Nd2 Bxh4 16. Nc4 Qc7 17. Qa3 Kb8 18. g3 Bf6 19. Re3 Be8 20. Red3 Be7
21. Qb3 Rf8 22. f4 g5 23. Ne5 f6 24. Ng6 Bxg6 25. Bxg6 Qd6 26. Re1 1/2-1/2

[Event "26th WSCC 2016 Open 65+"]
[Site "Marianske Lazne, Czech Republic - Hotel Cristal and Continental"]
[Date "2016.11.26"]
[Round "7.58"]
[White "Mlynek, Petr"]
[Black "Baeta, Marcio Netto"]
[Result "1/2-1/2"]
[WhiteElo "2139"]
[BlackElo "1981"]
[PlyCount "112"]
[EventDate "2016.11.19"]

1. d4 f5 2. Nf3 Nf6 3. g3 g6 4. Bg2 Bg7 5. O-O d6 6. c4 Nc6 7. Nc3 O-O 8. d5
Ne5 9. Nxe5 dxe5 10. e4 e6 11. Qb3 exd5 12. cxd5 fxe4 13. Bg5 Qe8 14. Nxe4 Nxe4
15. Bxe4 Kh8 16. Rac1 Bh3 17. Bg2 Bxg2 18. Kxg2 Qd7 19. Qxb7 Rab8 20. Qxa7
Qxd5+ 21. Kg1 Rxb2 22. Rxc7 Rxa2 23. Qb7 Qxb7 24. Rxb7 e4 25. Be3 Re8 26. Rd1
Ra1 27. Rxa1 Bxa1 28. Kg2 h5 29. Kh3 Be5 30. Rd7 Bf6 31. Rf7 Bg7 32. Kh4 Kg8
33. Rd7 Bf6+ 34. Bg5 Be5 35. Bd8 Rf8 36. Bb6 Bf6+ 37. Kh3 Rf7 38. Rd6 Kg7 39.
Be3 Re7 40. Kg2 Be5 41. Ra6 Kf7 42. Kf1 Re6 43. Ra4 Bc3 44. Bg5 Re8 45. Ke2 Re5
46. Bf4 Re6 47. Ke3 Be1 48. Ke2 Bc3 49. Rc4 Ba5 50. Be3 Bd8 51. Bd4 Bg5 52. h4
Bh6 53. Be3 Bf8 54. Bg5 Re5 55. Bf4 Re6 56. Ke3 Kf6 1/2-1/2

[Event "26th WSCC 2016 Open 65+"]
[Site "Marianske Lazne, Czech Republic - Hotel Cristal and Continental"]
[Date "2016.11.26"]
[Round "7.59"]
[White "Cao, Jorge"]
[Black "Vrabec, Milos"]
[Result "1/2-1/2"]
[WhiteElo "1962"]
[BlackElo "2138"]
[PlyCount "71"]
[EventDate "2016.11.19"]

1. d4 Nf6 2. c4 c5 3. d5 e6 4. Nc3 exd5 5. cxd5 d6 6. e4 g6 7. Nf3 Bg7 8. Bd3
O-O 9. h3 Nh5 10. g4 Nf6 11. Bg5 Re8 12. Qd2 a6 13. a4 Nbd7 14. O-O Qe7 15.
Rfe1 Qf8 16. Rad1 h5 17. gxh5 Nxh5 18. Bf1 Ne5 19. Nxe5 Bxe5 20. Bg2 Kh7 21.
Ne2 b6 22. f4 Bg7 23. Kh2 Ra7 24. Bf3 f6 25. Bh4 f5 26. Bxh5 gxh5 27. Ng3 fxe4
28. Nxe4 Kh8 29. Ng3 Rxe1 30. Rxe1 Bd4 31. Qe2 Rh7 32. b3 Bd7 33. Qe4 Rf7 34.
Be7 Qh6 35. Bg5 Qf8 36. Be7 1/2-1/2

[Event "26th WSCC 2016 Open 65+"]
[Site "Marianske Lazne, Czech Republic - Hotel Cristal and Continental"]
[Date "2016.11.26"]
[Round "7.60"]
[White "Rucka, Alois"]
[Black "Goncharov, Viktor"]
[Result "0-1"]
[WhiteElo "1953"]
[BlackElo "2125"]
[PlyCount "120"]
[EventDate "2016.11.19"]

1. d4 Nf6 2. c4 e6 3. a3 b6 4. Nf3 Be7 5. e3 Bb7 6. Nc3 d6 7. Bd3 Nbd7 8. O-O
c5 9. Qe2 a6 10. Rd1 Qc7 11. Bd2 h6 12. Rac1 g5 13. b4 g4 14. Ne1 h5 15. f4
gxf3 16. Nxf3 h4 17. Rf1 Qc6 18. Qf2 Ng4 19. Qe2 Ngf6 20. e4 cxd4 21. Nxd4 Qc7
22. Bg5 Ng8 23. Bxe7 Nxe7 24. Nf3 Ng6 25. Qe3 Nde5 26. Nxe5 Nxe5 27. Be2 Qc6
28. h3 a5 29. Qd4 Ke7 30. b5 Qc5 31. Qxc5 bxc5 32. Nd1 Bxe4 33. Nf2 Bb7 34. Ng4
Rag8 35. Rf2 Nd7 36. Bf3 Bxf3 37. Rxf3 f5 38. Nf2 Rg3 39. Rcc3 Rhg8 40. Rxg3
Rxg3 41. Rxg3 hxg3 42. Nd3 Nb6 43. Nb2 f4 44. Kf1 e5 45. Ke2 Ke6 46. Kf1 Kf5
47. Ke1 Ke4 48. Ke2 Kf5 49. Kf1 e4 50. Ke2 Ke5 51. Kf1 Kd4 52. Ke2 d5 53. cxd5
Kxd5 54. Nd1 Na4 55. Kf1 c4 56. h4 c3 57. Nxc3+ Nxc3 58. h5 e3 59. h6 e2+ 60.
Ke1 f3 0-1

[Event "26th WSCC 2016 Open 65+"]
[Site "Marianske Lazne, Czech Republic - Hotel Cristal and Continental"]
[Date "2016.11.26"]
[Round "7.61"]
[White "Hohler, Peter"]
[Black "Strand, Kjetil"]
[Result "1/2-1/2"]
[WhiteElo "2119"]
[BlackElo "1990"]
[PlyCount "30"]
[EventDate "2016.11.19"]

1. e4 e5 2. Nf3 Nc6 3. Bb5 a6 4. Ba4 Nf6 5. O-O Be7 6. d3 b5 7. Bb3 O-O 8. a4
b4 9. Nbd2 d5 10. exd5 Nxd5 11. Nc4 Bf6 12. Re1 Bg4 13. Ne3 Be6 14. Nc4 Bg4 15.
Ne3 Be6 $11 1/2-1/2

[Event "26th WSCC 2016 Open 65+"]
[Site "Marianske Lazne, Czech Republic - Hotel Cristal and Continental"]
[Date "2016.11.26"]
[Round "7.62"]
[White "Mojzis, Jaroslav"]
[Black "Barboza, Mauro"]
[Result "0-1"]
[WhiteElo "2116"]
[BlackElo "1944"]
[PlyCount "54"]
[EventDate "2016.11.19"]

1. Nf3 Nf6 2. c4 e6 3. g3 Be7 4. Bg2 c5 5. O-O Nc6 6. d4 cxd4 7. Nxd4 O-O 8.
Nc3 a6 9. b3 Qc7 10. Bb2 d6 11. Rc1 Ne5 12. e4 Qb6 13. Qd2 Bd7 14. Rb1 Nc6 15.
Nc2 Rad8 16. Ne3 Ne5 17. h3 Bc6 18. Rfd1 Qc7 19. Qe2 Ned7 20. Ned5 Nxd5 21.
cxd5 e5 22. Rd2 Rfe8 23. Nd1 Bf8 24. Ne3 g6 25. Rc2 Qb6 26. Bf3 Bg7 27. Rd1 Bb5
{... 55 moves} 0-1

[Event "26th WSCC 2016 Open 65+"]
[Site "Marianske Lazne, Czech Republic - Hotel Cristal and Continental"]
[Date "2016.11.26"]
[Round "7.63"]
[White "Ben-Zeev, Moshe"]
[Black "Carlsten, Peter"]
[Result "1/2-1/2"]
[WhiteElo "1943"]
[BlackElo "2099"]
[PlyCount "55"]
[EventDate "2016.11.19"]

1. d4 f5 2. e4 fxe4 3. Nc3 Nf6 4. Bg5 Nc6 5. d5 Ne5 6. Qd4 Nf7 7. Bxf6 exf6 8.
Qxe4+ Be7 9. Nf3 Nd6 10. Qa4 O-O 11. Bd3 f5 12. O-O-O a6 13. h4 b5 14. Nxb5 Ne4
15. Bxe4 fxe4 16. Qxe4 axb5 17. d6 Ra4 18. Qd5+ Kh8 19. dxe7 Qxe7 20. Rhe1 Qf6
21. Kb1 Ra5 22. b3 d6 23. Nd4 Bd7 24. Rd2 Rfa8 25. c4 bxc4 26. Qxc4 Rc5 27. Qd3
Qxh4 28. Qe4 $11 1/2-1/2

[Event "26th WSCC 2016 Open 65+"]
[Site "Marianske Lazne, Czech Republic - Hotel Cristal and Continental"]
[Date "2016.11.26"]
[Round "7.64"]
[White "Vatansever, Abdullah"]
[Black "Nickl, Klaus"]
[Result "1/2-1/2"]
[WhiteElo "1938"]
[BlackElo "2075"]
[PlyCount "82"]
[EventDate "2016.11.19"]

1. d4 Nf6 2. Nf3 g6 3. c4 Bg7 4. Nc3 d6 5. e4 O-O 6. Be2 e5 7. Be3 Ng4 8. Bg5
f6 9. Bh4 Nh6 10. h3 Nc6 11. Qd2 Nf7 12. d5 Ne7 13. g4 g5 14. Bg3 Ng6 15. Ng1
Nf4 16. Bf1 c6 17. f3 Qb6 18. Bf2 Qc7 19. Nge2 a6 20. Rc1 c5 21. Ng3 Nh8 22.
Nf5 Nhg6 23. a3 Kf7 24. Ne2 Nxe2 25. Bxe2 Rh8 26. Rb1 Nf4 27. Be3 h5 28. Bxf4
gxf4 29. Kf2 Bd7 30. b4 hxg4 31. hxg4 Bxf5 32. exf5 Bh6 33. Kg2 b6 34. Qb2 Rab8
35. b5 a5 36. Rh5 Bg5 37. Rbh1 Kg7 38. Qb1 Rxh5 39. Rxh5 Rh8 40. Qh1 Rxh5 41.
Qxh5 Qf7 1/2-1/2

[Event "26th WSCC 2016 Open 65+"]
[Site "Marianske Lazne, Czech Republic - Hotel Cristal and Continental"]
[Date "2016.11.26"]
[Round "7.65"]
[White "Scharff, Klaus"]
[Black "Mueller, Lutz"]
[Result "0-1"]
[WhiteElo "1934"]
[BlackElo "2070"]
[PlyCount "62"]
[EventDate "2016.11.19"]

1. d3 Nf6 2. Nf3 g6 3. g3 Bg7 4. Bg2 O-O 5. O-O d5 6. Nbd2 c6 7. e4 h6 8. Ne1
e5 9. h3 dxe4 10. dxe4 Nbd7 11. Nd3 Re8 12. f4 Nh5 13. Kh2 exf4 14. Nxf4 Nxf4
15. gxf4 Nc5 16. Qf3 Ne6 17. Nb3 g5 18. fxg5 Qc7+ 19. Kh1 hxg5 20. c3 c5 21.
Qh5 b6 22. Be3 Bb7 23. Nd2 Nf4 24. Bxf4 gxf4 25. Qg4 Re6 26. Rxf4 Rg6 27. Qf3
Bh6 28. Rf5 Bxd2 29. Rf1 Rf8 30. Qh5 Qg3 31. Qe2 Qxg2+ 0-1

[Event "26th WSCC 2016 Open 65+"]
[Site "Marianske Lazne, Czech Republic - Hotel Cristal and Continental"]
[Date "2016.11.26"]
[Round "7.66"]
[White "Sand, Rolf"]
[Black "Green, Per"]
[Result "1/2-1/2"]
[WhiteElo "2068"]
[BlackElo "1967"]
[PlyCount "59"]
[EventDate "2016.11.19"]

1. c4 e5 2. g3 Nf6 3. Bg2 Nc6 4. Nc3 Bc5 5. Nf3 d6 6. O-O O-O 7. d3 h6 8. e3
Re8 9. a3 a6 10. b4 Bb6 11. Bb2 Bf5 12. Rc1 Qd7 13. Re1 Bh3 14. Nd5 Nxd5 15.
cxd5 Ne7 16. e4 Bxg2 17. Kxg2 a5 18. d4 f6 19. Qb3 Kh7 20. Qc4 axb4 21. axb4
Ra4 22. Ra1 Rea8 23. Rxa4 Rxa4 24. Ra1 Rxa1 25. Bxa1 Qg4 26. dxe5 fxe5 27. h3
Qd7 28. b5 Qe8 29. Bc3 Qa8 30. Ne1 $11 1/2-1/2

[Event "26th WSCC 2016 Open 65+"]
[Site "Marianske Lazne, Czech Republic - Hotel Cristal and Continental"]
[Date "2016.11.26"]
[Round "7.67"]
[White "Diaz Franco, Francisco Jorge"]
[Black "Vechet, Stanislav"]
[Result "1/2-1/2"]
[WhiteElo "2019"]
[BlackElo "2149"]
[PlyCount "23"]
[EventDate "2016.11.19"]

1. Nf3 Nf6 2. d4 d5 3. g3 e6 4. Bg2 c5 5. Bg5 Nc6 6. c3 h6 7. Bxf6 Qxf6 8. e3
Bd6 9. O-O O-O 10. Nbd2 cxd4 11. exd4 Bd7 12. Qb3 $11 1/2-1/2